000 00864cam a2200253 a 4500
008
020 _a0072538422 (hbk.)
049 0 _aMAIN
090 _aHF5415.1265
_bINT
245 0 0 _aInternet marketing :
_bbuilding advantage in the networked economy /
_cRafi A. Mohammed... [et al.]
250 _a2nd. ed.
260 _aBoston :
_bMcGraw-Hill/Irwin marketspaceU,
_cc2004.
300 _axxxi, 743 p. :
_bill. ;
_c27 cm.
500 _aAccompanied by access to online resource: Powerweb : E-business (contains online access code)
500 _aIncludes index.
504 _aIncludes bibliographical references.
650 0 _aInternet marketing.
700 1 _aMohammed, Rafi.
907 _a.b10286111
_b28-02-11
_c03-11-10
003
005 20230120133830.0
040 _cNUST
942 _cBOOKS
_kHF5415.1265
_mINT
999 _c96246
_d96246